| 000 | 00535nam a22001937a 4500 | ||
|---|---|---|---|
| 003 | CEME | ||
| 005 | 20210628203832.0 | ||
| 008 | 210126b xxu||||| |||| 00| 0 eng d | ||
| 020 | _a81-7808-902-5 | ||
| 040 | _c. | ||
| 082 | _a005.82 STA | ||
| 100 |
_aStallings, William:Stallings, Willaim _967499 |
||
| 245 | _aCryptography and network security;principles and practice | ||
| 250 | _a3RD | ||
| 260 |
_aINDIA _bPEARSON EDUCATION _c2003 |
||
| 300 | _aXIV,681P | ||
| 650 |
_aCRYPTOGRAPHY.NETWORK SECURITY _959174 |
||
| 942 |
_cBK _2ddc |
||
| 999 |
_c575265 _d575265 |
||